[Event "IECG TE.2002.P.01018 email"]
[Site "IECG email"]
[Date "2002.03.28"]
[Round "?"]
[White "Niewold, Jaap"]
[Black "Leal, Nylson"]
[Result "1-0"]
[WhiteElo "1762"]
[BlackElo "800"]
[PlyCount "51"]
[EventDate "2002.03.28"]
[EventType "tourn (corr)"]
[EventRounds "12"]
[SourceTitle "Corr 2008"]
[Source "ChessBase"]
[SourceDate "2008.06.24"]
[SourceVersion "1"]
[SourceVersionDate "2008.06.24"]
[SourceQuality "1"]

1. e4 e5 2. Nf3 Nc6 3. Bb5 Bc5 4. 0-0 Nf6 5. Nxe5 Nxe5 6. d4 Bd6 7. dxe5 Bxe5 8. f4 Bd6 9. e5 Bc5+ 10. Kh1 Ne4 11. Qe2 Nf2+ 12. Rxf2 Bxf2 13. Qxf2 0-0 14. Be3 c6 15. Bd3 b6 16. Qd2 d5 17. exd6 Qxd6 18. Bxh7+ Kxh7 19. Qxd6 Re8 20. Bf2 Re6 21. Qc7 Re2 22. Qxc6 Rxf2 23. Kg1 Rxf4 24. Qxa8 Ba6 25. Nc3 Rd4 26. Qxa7 1-0